1507 1642 1789 1690 1249 1492 1721 1218 1242 1670 1567 1103 1726 1005 1724 1013 1576 1564 1838 1682 1421 1948 1578 1854 1961 1554 1225 1405 1876 1777 1602 1830 1445 1543 1648 1370 1397 1210 1482 1797 1587 1971 1008 1764 1786 1483 1331 1565 1707 1059 1332 1424 1746 1706 1698 1672 1854 1097 1017 1746 1402 1190 1541 1509 1864 1603 1998 1926 1661 1972 1133 1644 1285 1848 1603 1105 1822 1738 1050 1611 1815 1110 1240 1556 1667 1260 1171 1787 1646 1759 1227 1253 1160 1412 1237 1125 1236 1865 1271 BCNSPRNW ULIB Ver.6.0+V

เปลี่ยนเป็นภาษาไทย

Change to English
 แสดงรายละเอียดบรรณานุกรม
  กลับหน้าหลัก

Brief Record : Get Marc (ISO 2709) : E-mail record : QR code < ปิดหน้าต่าง
LEADER : 00000nam 2200000uu 4500
001    13399113610
003     ULIB
008    111207s2551||||th 000 0 tha d
020    ^a9789747519198
090    ^aนว.^bL271ร 2551
100 0  ^aLucky
245 00 ^aรักนี้ ตราบสิ้นกาลเวลา/^cLucky
250    ^aพิมพ์ครั้งที่ 1
260    ^aกรุงเทพฯ :^bSugar Beat,^c2551
300    ^a368 หน้า
710 1  ^aSugar Beat
945    ^p240^l0^i15043
995    ^aทศพร
999 ^a ทศพร
รายการนี้ยังไม่มีแท็ก
คุณยังไม่ได้ล็อกอิน คุณสามารถมีกิจกรรมร่วมกับเว็บไซต์ได้ แต่ต้องล็อกอินก่อน ::
  ล็อกอิน

รายการสื่อสารสนเทศ

ลำดับที่ ประเภท เลขเรียก/บาร์โค้ด สถานที่ สถานะ
1. นวนิยาย
นวนิยาย
นว. L271ร 2551 ฉ.1 
  Barcode: 15043
ห้องสมุดวิทยาเขตสวรรค์ประชารักษ์
►นวนิยาย
บนชั้น
  ขอยืม

รายการใกล้เคียง
    ผู้แต่ง [Lucky]

BibComment


ยังไม่เคยถูกคอมเมนท์

คอมเมนท์ทรัพยากรรายการนี้
  คอมเมนท์: รักนี้ ตราบสิ้นก..


 Copyright 2026. Bcnsprnw @Library